书目信息 |
| 题名: |
配位化学
|
|
| 作者: | 刘伟生 主编 | |
| 分册: | ||
| 出版信息: | 北京 化学工业出版社 2013.1 |
|
| 页数: | 392页 | |
| 开本: | 24cm | |
| 丛书名: | ||
| 单 册: | ||
| 中图分类: | O641.4 | |
| 科图分类: | ||
| 主题词: | 配合物化学 | |
| 电子资源: | ||
| ISBN: | 978-7-122-14671-7 | |
| 000 | 01034nam0 2200253 45 | |
| 001 | 1360574140 | |
| 005 | 20130530170212.06 | |
| 010 | @a978-7-122-14671-7@dCNY58.00 | |
| 100 | @a20130513d2013 em y0chiy0121 ea | |
| 101 | 0 | @achi |
| 102 | @aCN@b110000 | |
| 105 | @aack a 000yy | |
| 106 | @ar | |
| 200 | 1 | @a配位化学@APei Wei Hua Xue@dCoordination chemistry@f刘伟生主编@FLiu Wei Sheng Zhu Bian@zeng |
| 210 | @a北京@c化学工业出版社@d2013.1 | |
| 215 | @a392页@c图, 肖像@d24cm | |
| 320 | @a有书目 | |
| 330 | @a本书系统介绍了配位化学的形成与发展, 配合物的基本概念, 配位化学中的化学键理论, 配合物的合成、结构、表征、反应性能与反应动力学, 与生命过程相关的配位化学, 以及配位化学在新材料、新领域方面的前沿进展。兼顾基础知识的讲授与学科前沿领域研究成果与热点的介绍。每章后面都列有参考文献和习题, 可以帮助读者加深理解与融会贯通。 | |
| 510 | 1 | @aCoordination chemistry@zeng |
| 606 | 0 | @a配合物化学 |
| 690 | @aO641.4@v5 | |
| 701 | 0 | @a刘伟生@ALiu Wei Sheng@4主编 |
| 801 | @aCN@bTANGWEI@c20130523 | |
| 905 | @b0835658-61@dO641.4@e72@f4 | |
| 配位化学=Coordination chemistry/刘伟生主编.-北京:化学工业出版社,2013.1 |
| 392页:图, 肖像;24cm |
| ISBN 978-7-122-14671-7:CNY58.00 |
| 本书系统介绍了配位化学的形成与发展, 配合物的基本概念, 配位化学中的化学键理论, 配合物的合成、结构、表征、反应性能与反应动力学, 与生命过程相关的配位化学, 以及配位化学在新材料、新领域方面的前沿进展。兼顾基础知识的讲授与学科前沿领域研究成果与热点的介绍。每章后面都列有参考文献和习题, 可以帮助读者加深理解与融会贯通。 |
| ● |
| 相关链接 |
|
|
|
|
正题名:配位化学
索取号:O641.4/72
 
预约/预借
| 序号 | 登录号 | 条形码 | 馆藏地/架位号 | 状态 | 备注 |
| 1 | 0835658 | 208356580 | 第二样本阅览室/ [索取号:O641.4/72] | 在馆 | |
| 2 | 0835659 | 208356599 | 密集书库-化学系/ [索取号:O641.4/72] | 在馆 | |
| 3 | 0835660 | 208356606 | 第三借阅区/ [索取号:O641.4/72] | 在馆 | |
| 4 | 0835661 | 208356615 | 第三借阅区/ [索取号:O641.4/72] | 在馆 |